[Event "Budapest FS03 IM-A"]
[Site "Budapest"]
[Date "2009.03.12"]
[Round "6"]
[White "Corke, Anya Sun"]
[Black "Jones, Richard M"]
[Result "1-0"]
[WhiteElo "2260"]
[BlackElo "2075"]
[PlyCount "59"]
[EventDate "2009.03.07"]
[EventType "tourn"]
[EventRounds "11"]
[EventCountry "HUN"]
[SourceTitle "CBM 129 Extra"]
[Source "ChessBase"]
[SourceDate "2009.05.05"]
[SourceVersion "2"]
[SourceVersionDate "2009.05.20"]
[SourceQuality "1"]

1. d4 d5 2. c4 c6 3. Nf3 Nf6 4. e3 Bg4 5. Bd3 e6 6. Nbd2 Nbd7 7. Qc2 Bd6 8. 0-0 0-0 9. b3 Qe7 10. Bb2 dxc4 11. bxc4 e5 12. Ng5 h6 13. Nge4 Bc7 14. Ng3 Rfe8 15. Kh1 h5 16. f4 exf4 17. exf4 Qe3 18. Nge4 Nxe4 19. Nxe4 Be2 20. Bxe2 Rxe4 21. Bf3 Ree8 22. g3 h4 23. d5 hxg3 24. Qg2 Bxf4 25. dxc6 bxc6 26. Bc1 Qd4 27. Bxf4 Qxf4 28. Bxc6 Qg5 29. Bxa8 Re6 30. Qxg3 1-0